Al Pacino ou Al Capone ? - Statistiques

Statistiques générales
  • Ce quiz a été pris 268 fois
  • Le résultat moyen est 8 sur 14
Statistiques - réponses
Question Réponse % Correct
A pour ami Robert De Niro Al Pacino
88%
Son prénom est Alphonse Al Capone
78%
Est l'une des rares personnes réelles à apparaître dans un album d'Hergé Al Capone
76%
Son prénom est Alfredo Al Pacino
76%
A eu un fils à 83 ans Al Pacino
75%
Ses parents sont d'origine italienne Les deux
65%
Joue les gangsters Les deux
64%
A sa statue de cire au musée Grévin Al Pacino
61%
A épousé une femme âgée de 53 ans de moins que lui Al Pacino
60%
A été le comparse de John Cazale Al Pacino
32%
Vient de New York Les deux
28%
A fait de la prison Les deux
26%
Surnommé "Scarface" ("le Balafré") Les deux
26%
A fait la couverture du magazine Time Al Capone
10%
Aucun quiz correspondant
Distribution des résultats
% des personnes avec chaque résultat
Percentile par nombre de réponses
Votre historique - résultats
Vous n’avez pas pris ce quiz